00524 2200205 4500001002100000005001500021008004100036020001800077035001900095041000700114082001000121090001600131100001500147245002400162250001100186260003500197300003500232500001200267650003900279INLIS00000000002584320241224132022241224||||||||| | ||| |||| || |  a979-489-076-6 0010-1224025843 aid0 a636.5 a636.5 SAR b0 aB. Sarwono00aBeternak Ayam Buras aRevisi aJakartabPenebar Swadayac2011 a23x15 cm, iv, 132 hlm.; ilus.: aCet. 33 0aBudidaya -- Peternakan -- Beternak